LEADER 01706nam a2200301 i 4500 001 000000241549 003 CaOOAMICUS 005 20190716141424.0 008 150505s1616 xx u000 u lat u 013 $a220454 026 $asio- ins- l-Ed Sime (3) 1616 (A) 040 $aSeMil$bita 100 1 $aBellarmino, Roberto,$c.$0(OLS)http://semarc/name/1158 240 10$aDe aeterna felicitate sanctorum libri quinque.$0(OLS)http://semarc/title/343302 245 10$aDella eterna felicità de' santi libri cinque. Composti dall'illustriss. & reuerendiss. sig. cardinal Bellarmino della Compagnia di Giesu, ... Volgarizzati dal sig. abbate Angelo Della Ciaia, nipote dell'autore. 260 $aIn Roma :$bPer Bartolomeo Zannetti,$c1616. 300 $a[36], 428 p. ;$c12º. 500 $aInsegna dei Gesuiti sul front. - Segn. : a6 b12 A-R12 S10. 650 4$aComunione dei santi.$0(OLS)http://semarc/subject/7418 650 4$aParadiso.$0(OLS)http://semarc/subject/8406 650 4$aTeologia - Testi - Sec. 17.$0(OLS)http://semarc/subject/2241 700 1 $aDella Ciaia, Angelo.$0(OLS)http://semarc/name/81782 700 1 $aZanetti, Bartolomeo$b<2.,$cEditore>.$0(OLS)http://semarc/name/14850 850 $aSeMil 852 $aSeMil$W1$xVenegono$y1$m3F I 159 FA$j191895$B191895$CSeMilBibl$Z2$F202687 $8I 996 $6245$aDella eterna felicità de' santi libri cinque. Composti dall'illustriss. & reuerendiss. sig. cardinal Bellarmino della Compagnia di Giesu, ... Volgarizzati dal sig. abbate Angelo Della Ciaia, nipote dell'autore$9(OLS)http://semarc/title/343301 996 $6260$aIn Roma :$bPer Bartolomeo Zannetti$9(OLS)http://semarc/publisher/39196 LEADER 00960nam a2200265 i 4500 001 000000245828 003 CaOOAMICUS 005 20151019000000.0 008 151019s1936 fr u000 u fre u 013 $a224733 040 $aSeMil$bita 100 1 $aMauriac, François,$d<1885-1970>.$0(OLS)http://semarc/name/8852 245 10$aVie de Jésus /$cFrançois Mauriac. 260 $aParis :$bFlammarion,$c1936. 300 $aX, 284 p. ;$c20 cm. 490 0 $aCollection l'Histoire 500 $aFondo card. Giovanni Colombo. 650 4$aGesù Cristo - Vita.$0(OLS)http://semarc/subject/415 830 2$aL'histoire.$0(OLS)http://semarc/title/14916 850 $aSeMil 852 $aSeMil$W1$xVenegono$y1$m3GC I 544$j196174$B196174$CSeMilBibl$Z2$F206992 $8B 941 1 $a3 961 $aLascito: Colombo Card. Giovanni 996 $6245$aVie de Jésus$9(OLS)http://semarc/title/9036 996 $6260$aParis :$bFlammarion$9(OLS)http://semarc/publisher/30425